000 00908nam a2200301Ia 4500
001 2450
003 IT-RoPAU
008 130308s9999 xx 000 0 und d
040 _aIT-RoPAU
040 _cIT-RoPAU
041 _aITALIANO
100 _aFinetti Luigi
100 _gCodice Aut. SPICS: 6643
245 _aCinema come linguaggio (Il)
245 _bCinema e Televisione Come Realta' Temporali
250 _a1a ed.
260 _aMILANO
260 _bACEC Lombarda
260 _c1965 [1° Ed.:1965 - Ed.Ling.Originale:1965]
300 _a"20 p. (prefazione: no ; testo: 20 [pagine: 29-48])"
500 _aLinguaggio Parlato scritto e per immagini immagine Cinematografica e Sue Capacità Espressive Elementi Fondamentali del Linguaggio Filmico
650 _aSAGGI SUL CINEMA
650 _eCodice materia Spics: 6811
942 _cBK
957 _71
999 _c55003
_d55003
999 _bSI
999 _g1